| 000 | 00447nam a22001817a 4500 | ||
|---|---|---|---|
| 005 | 20230111134130.0 | ||
| 008 | 221220b |||||||| |||| 00| 0 eng d | ||
| 020 | _a978-9388028-93-6 | ||
| 041 | _aeng | ||
| 082 | _a343.54 PAD-L | ||
| 100 |
_aPADHI , P. K. _97428 |
||
| 245 | _aLABOUR AND INDUSTRIAL LAWS | ||
| 250 | _a4th ed. | ||
| 260 |
_aDELHI _bPHILEARNING PVT. LTD. |
||
| 300 | _a930;P. | ||
| 650 |
_aMANAGEMENT _9241 |
||
| 942 | _cBK | ||
| 999 |
_c8167 _d8165 |
||